|
|
|
|
| LEADER |
00000nam a2200000 a 4500 |
| 001 |
UCX8189 |
| 003 |
CL-VaPUC |
| 008 |
940310e19920000SP |||||||||||||||||spa|d |
| 082 |
0 |
4 |
|a 342
|b MOR
|2 21
|
| 100 |
|
|
|a Morillo-Velarde Pérez, José Ignacio
|e autor
|9 325255
|
| 245 |
1 |
0 |
|a Dominio público
|
| 300 |
|
|
|a 156 p
|
| 942 |
|
|
|c BK
|
| 945 |
|
|
|d 19940310 00:00:00
|a aalvarez
|
| 260 |
|
|
|a Madrid
|b Trivium
|c 1992
|
| 650 |
|
0 |
|a Derecho administrativo
|9 254851
|
| 650 |
|
0 |
|a Derecho público
|9 255910
|
| 650 |
|
7 |
|a DOMINIO PUBLICO
|2 CL-VaPUC
|9 325256
|
| 651 |
|
0 |
|a España
|9 254926
|
| 583 |
|
|
|a last modification
|c 19940310 00:00:00
|k Rodrigo Vera
|
| 999 |
|
|
|c 227777
|d 227775
|
| 952 |
|
|
|0 0
|1 0
|4 0
|6 342_000000000000000_MOR_1992
|7 0
|8 A
|9 227003
|a BIBDER
|b BIBDER
|d 2019-11-15
|i 2961342
|l 1
|o 342 MOR 1992
|p 2961342
|r 2023-06-05
|s 2023-05-30
|w 2019-11-15
|y BK
|k DER
|